00526nam a2200157 a 450000100100000000500170001000800410002704000250006808200160009310000300010924500470013926000480018630000300023450000620026450000420032600002678820200930030419.0110325s1976 dr c r 000 0 spa d aDO-SdBNPbspacBNPHU axxxxbL817r1 aLockward Jaime A.,d1908-10aRelieves dominicanos /cJaime A. Lockward. aSanto Domingo :bEditora del Caribe,c1976. a153 p. :bretr. ;c22 cm. aIncluye datos biográficos del autor en la contraportada aIncluye notas al pie de las páginas